000 00277nam a2200097Ia 4500
005 20251222114357.0
008 251222s1900||||xx |||||||||||||| ||spa||
082 _aDVD0010/T98F/2004
245 0 _aLa batalla de Riddick: furia negra:The chronicles of Riddick: dark fury
942 _cDVD
999 _c1496
_d1496